Harad and baheda (Record no. 400417)

000 -LEADER
fixed length control field 00350cam a22001337a 4500
008 - FIXED-LENGTH DATA ELEMENTS--GENERAL INFORMATION
fixed length control field 180718bn.d. xxu||||| |||| 00| 0 eng d
082 ## - DEWEY DECIMAL CLASSIFICATION NUMBER
Classification number Z211 K897f
100 ## - MAIN ENTRY--PERSONAL NAME
Personal name Krishnamurthy, K.H.
245 ## - TITLE STATEMENT
Title Harad and baheda
Statement of responsibility, etc. by K.H. Krishnamurthy
260 ## - PUBLICATION, DISTRIBUTION, ETC.
Place of publication, distribution, etc. Delhi
Name of publisher, distributor, etc. Books For All
Date of publication, distribution, etc. n.d.
300 ## - PHYSICAL DESCRIPTION
Extent 128p.
650 ## - SUBJECT ADDED ENTRY--TOPICAL TERM
Topical term or geographic name entry element Medicine
650 ## - SUBJECT ADDED ENTRY--TOPICAL TERM
Topical term or geographic name entry element Family medicine
Holdings
Withdrawn status Lost status Damaged status Not for loan Permanent Location Current Location Date acquired Full call number Barcode Date last seen Price effective from Koha item type
        Indian Institute of Public Administration Indian Institute of Public Administration 2002-10-21 Z211 K897f 66609 2018-07-21 2018-07-21 Book

Powered by Koha